000 00901nam a2200205 i 4500
001 43297
003 ES-MaACL
005 20230906160751.0
007 t|
008 030317s1878 sp |||| | spa d
110 2 _aViveros Torre de los Señores Campillo (Daroca)
_9151879
245 1 0 _aCatálogo de los árboles frutales y de rosales ingertos criados en la torre de los señores Campillo, sita en el término de Sobrecarrera de la ciudad de Daroca.
260 _aMadrid :
_b[s.n.],
_c1878 (
_fImp. de Enrique de la Riva)
300 _a30 p. ;
_c23 cm.
530 _aDisponible en formato digital.
650 4 _aÁrboles frutales-
_vCatálogos.
_9151880
650 4 _aPlantas ornamentales-
_vCatálogos.
_9151881
852 _aES-MaACL
_jT-678-F-6
_z- Enc. en un vol. facticio conservando cub. original
856 _uhttp://bdh-rd.bne.es/viewer.vm?id=0000075783&page=1
_zBiblioteca Digital Hispánica
999 _c43297
_d43297